DiAngelo Robin J. White fragility: why it’s so hard to talk to white people about racism. Description: Boston: Beacon Press, [2018]. Рец. Н.Н. Мещерякова; Социологические исследования; № 9

Detalles Bibliográficos
Parent link:Социологические исследования
№ 9.— 2020.— [С. 159-162]
Autor Principal: Мещерякова Н. Н. Наталия Николаевна
Autor Corporativo: Национальный исследовательский Томский политехнический университет Школа базовой инженерной подготовки Отделение социально-гуманитарных наук
Summary:Заглавие с экрана
Idioma:ruso
Publicado: 2020
Subjects:
Acceso en liña:https://www.isras.ru/index.php?page_id=2624&jn=socis&jn=socis&jid=8306
Formato: MixedMaterials Electrónico Capítulo de libro
KOHA link:https://koha.lib.tpu.ru/cgi-bin/koha/opac-detail.pl?biblionumber=662943

MARC

LEADER 00000naa0a2200000 4500
001 662943
005 20250417130938.0
035 |a (RuTPU)RU\TPU\network\34111 
035 |a RU\TPU\network\10949 
090 |a 662943 
100 |a 20210113d2020 k||y0rusy50 ca 
101 0 |a rus 
102 |a RU 
135 |a drcn ---uucaa 
181 0 |a i  
182 0 |a b 
200 1 |a DiAngelo Robin J. White fragility: why it’s so hard to talk to white people about racism. Description: Boston: Beacon Press, [2018]. Рец. Н.Н. Мещерякова  |f Н. Н. Мещерякова 
203 |a Текст  |c электронный 
300 |a Заглавие с экрана 
461 |t Социологические исследования 
463 |t № 9  |v [С. 159-162]  |d 2020 
610 1 |a электронный ресурс 
610 1 |a труды учёных ТПУ 
700 1 |a Мещерякова  |b Н. Н.  |c историк  |c профессор Томского политехнического университета, доктор социологических наук  |f 1972-  |g Наталия Николаевна  |3 (RuTPU)RU\TPU\pers\29685  |9 14198 
712 0 2 |a Национальный исследовательский Томский политехнический университет  |b Школа базовой инженерной подготовки  |b Отделение социально-гуманитарных наук  |3 (RuTPU)RU\TPU\col\23512  |9 28328 
801 2 |a RU  |b 63413507  |c 20210113  |g RCR 
850 |a 63413507 
856 4 |u https://www.isras.ru/index.php?page_id=2624&jn=socis&jn=socis&jid=8306 
942 |c CF